Riadenie ľudských zdrojov

Význam a efektívnosť riadenia ľudských zdrojov. Strategické riadenie ľudských zdrojov. Výstupy systémov ľudských zdrojov. Proces získavania zamestnancov. Subjekty riadenia ľudských zdrojov.

Gespeichert in:
Bibliographische Detailangaben
1. Verfasser: Karkalíková, Marta
Weitere Verfasser: Lacková, Alica
Format: Buchkapitel
Sprache:Slowakisch
Schlagworte:
Tags: Tag hinzufügen
Keine Tags, Fügen Sie das erste Tag hinzu!

MARC

LEADER 00000naa$a2200000$$$4500
001 0068525
005 20240502071829.3
041 0 |a slo 
044 |a SK 
245 1 0 |a Riadenie ľudských zdrojov  |c Marta Karkalíková, Alica Lacková 
520 |a Význam a efektívnosť riadenia ľudských zdrojov. Strategické riadenie ľudských zdrojov. Výstupy systémov ľudských zdrojov. Proces získavania zamestnancov. Subjekty riadenia ľudských zdrojov. 
610 2 0 |a riadenie ľudských zdrojov 
610 2 0 |a efektívnosť 
610 2 0 |a riadenie strategické 
610 2 0 |a výber pracovníkov 
610 2 0 |a útvary personálne 
100 1 |a Karkalíková, Marta 
700 1 |a Lacková, Alica